Elementos de teoria dos grupos /

Guardado en:
Autor Principal: Azevedo, Alberto de.
Otros Autores: Piccinini, Renzo A., 1933-
Formato: Libro
Idioma:Portuguese
Publicado: Fortaleza, Ceará : [Instituto de Matemática da Universidade do Ceará], 1961.
Etiquetas: Agregar Etiqueta
Sin Etiquetas, Sea el primero en etiquetar este registro!
LEADER 00522nam a22001455a 4500
001 MAT.inmabb001039
008 031120s1961####bl############000#0#por#d
005 20130324170453.0
245 1 0 |a Elementos de teoria dos grupos /  |c por Alberto de Azevedo e Renzo Piccinini. 
260 |a Fortaleza, Ceará :  |b [Instituto de Matemática da Universidade do Ceará],  |c 1961. 
300 |a 171 h. ;  |c 28 cm. 
100 1 |a Azevedo, Alberto de. 
700 1 |a Piccinini, Renzo A.,  |d 1933- 
084 |a 20-01  |2 msc2000 
859 |h 20  |i Az994  |p A-910  |b BIB. MATEMATICA